000
00296nam a2200121Ia 4500
008
190216s9999||||xx |||||||||||||| ||und||
100
_a
Pookar Kadalundi
245
0
_a
Allahuvinte Vall
260
_b
Poomkavanam Books Publishers
_c
1993
300
_a
66p
650
_a
Islamic History
942
_c
BK
999
_c
22345
_d
22345